| 000 -ლიდერი |
| ფიქსირებული სიგრძის საკონტროლო ველი |
01774nam a22002537a 4500 |
| 003 - საკონტროლო ნომრის იდენტიფიკატორი |
| საკონტროლო ველი |
Ge_BSU |
| 005 - ბოლო ოპერაციის თარიღი და დრო |
| საკონტროლო ველი |
20240325112351.0 |
| 008 - ფიქსირებული სიგრძის მონაცემთა ელემენტები - ზოგადი ინფორმაცია |
| ფიქსირებული სიგრძის საკონტროლო ველი |
230720s2023ge xxu||||| |||| 00| 0 geo d |
| 020 ## - წიგნის საერთაშორისო სტანდარტული ნომერი |
| International Standard Book Number |
9789941335228 |
| 041 ## - ენის კოდი |
| Language code of text/sound track or separate title |
geo |
| 080 ## - უნივერსალური ათობითი კლასიფიკაციის ინდექსი |
| Universal Decimal Classification number |
378 კ-87 |
| 100 ## - მთავარი ჩანაწერი - პიროვნების სახელი |
| Personal name |
კუბლაშვილი, ბაია, ავტორი |
| 9 (RLIN) |
19457 |
| 245 ## - ცნობა სათაურის შესახებ |
| Title |
სწავლა-სწავლება უმაღლესი განათლების საფეხურზე : |
| Remainder of title |
[მონოგრაფია] / |
| Statement of responsibility, etc |
ბაია კუბლაშვილი, თამარ მაღლაკელიძე, სამეცნიერო რედ. გიორგი გერგაული. |
| 264 ## - წარმოების, გამოცემის, დისტრიბუციის და სხვა ცნობები |
| გამოცემის, წარმოების, დისტრიბუციის... ადგილი |
თბილისი : |
| გამოცემის, წარმოების, დისტრიბუციის... სახელწოდება |
უნივერსალი, |
| გამოცემის, წარმოების, დისტრიბუციის... თარიღი |
2023. |
| 300 ## - ფიზიკური აღწერა |
| Extent |
164 გვ. : |
| Other physical details |
ცხრ. ; |
| Dimensions |
24 სმ. |
| 504 ## - BIBLIOGRAPHY, ETC. NOTE |
| Bibliography, etc |
ბიბლიოგრაფია: გვ. 160-163. |
| 653 ## - INDEX TERM--UNCONTROLLED |
| Uncontrolled term |
წავლა-სწავლება უმაღლესი განათლების საფეხურზე |
| 653 ## - INDEX TERM--UNCONTROLLED |
| Uncontrolled term |
განათლება |
| 700 ## - ADDED ENTRY--PERSONAL NAME |
| Dates associated with a name |
მაღლაკელიძე, თამარ |
| 9 (RLIN) |
19460 |
| 700 ## - ADDED ENTRY--PERSONAL NAME |
| Personal name |
გერგაული, გიორგი |
| 9 (RLIN) |
19461 |
| Fuller form of name |
სამეცნიერო რედაქტორი |
| 710 ## - ADDED ENTRY--CORPORATE NAME |
| Corporate name or jurisdiction name as entry element |
მონოგრაფია მომზადებულია შპს "ევროპის უნივერსიტეტის" მიერ, დაიბეჭდა შოთა რუსთაველის საქართველოს ეროვნული სამეცნიერო ფონდის ფინანსური მხარდაჭერით. |
| 9 (RLIN) |
19459 |
| 773 ## - HOST ITEM ENTRY |
| Title |
ნაჩუქარი |
| 942 ## - ADDED ENTRY ELEMENTS (KOHA) |
| Source of classification or shelving scheme |
|
| Koha item type |
წიგნი |